000 00300nam a22001337a 4500
008 170619b xxu||||| |||| 00| 0 eng d
020 _a0875461875
041 _aeng
080 _a94
100 _a16
101 _aSHH
245 _aWORKER PROTECTION, JAPANESE STYLE
_cWOKUTCH,R.E
942 _2udc
_cBK
999 _c18089
_d18089